• 首页
  • 本馆介绍
  • 公告通知
  • 最新文献
  • 馆藏检索
  • 电子资源
  • 读者导购
  • 参考咨询
  • 我的图书馆
  • 登录
  • 详细信息显示
  • 放入我的书架
  • 预约/预借图书
  • 作者相关作品
  • 分类相关作品
  • 丛书相关作品
  • 出版社相关作品

书目信息

  • 表格格式
  • 工作单格式
  • 卡片格式
题名:
糖生物学基础
    
 
作者: 瓦尔基 著 ;张树政 译
分册:  
出版信息: 北京   科学出版社  2003
页数: 584页
开本: 26cm
丛书名: 生命科学名著
单 册:
中图分类: Q53
科图分类:
主题词: 碳水化合物--生物化学
电子资源:
ISBN: 978-7-03-011020-6
000 00959nam2 2200277 450
001 2266294300
005 20221001182515.18
010    @a978-7-03-011020-6@dCNY158.00
100    @a20150712e20072003em y0chiy0110 ea
101 1  @achi@ceng
102    @aCN@b110000
105    @aa z 000yy
200 1  @a糖生物学基础@9tang sheng wu xue ji chu@f(美)A.瓦尔基(Ajit Varki)等编著@g张树政等译
210    @a北京@c科学出版社@d2003@h2007重印
215    @a584页@c图@d26cm
225 2  @a生命科学名著
304    @a封面英文题名:Essentials of Glycobiology
330    @a本书针对聚糖发生和功能,详细地阐述了糖生物学的发展历史、基础知识、糖链的生物和生理功能、与人类健康的关系等内容。
461  0 @12001 @a生命科学名著
510 1  @aEssentials of Glycobiology@zeng
606 0  @a碳水化合物@x生物化学
690    @aQ53@v5
701  1 @c(美)@a瓦尔基@9wa er ji@gVarki, A@4著
702  0 @a张树政@9zhang shu zheng@4译
801  0 @aCN@b91MARC@c20150712
905    @aZUCC@dQ53@e3
    
    糖生物学基础/(美)A.瓦尔基(Ajit Varki)等编著/张树政等译.-北京:科学出版社,2003(2007重印)
    584页:图;26cm.-(生命科学名著)
    
    
    ISBN 978-7-03-011020-6:CNY158.00
    本书针对聚糖发生和功能,详细地阐述了糖生物学的发展历史、基础知识、糖链的生物和生理功能、与人类健康的关系等内容。
●
相关链接 在五车中查询图书 在当当中查询图书 在豆瓣中查询图书


正题名:糖生物学基础     索取号:Q53/3         预约/预借

序号 登录号 条形码 馆藏地/架位号 状态 备注
1 2000910616   2000910616   第三书库/ [索取号:Q53/3] 在馆    
2 2000910617   2000910617   第三书库/ [索取号:Q53/3] 在馆    
3 2000910618   2000910618   第三书库/ [索取号:Q53/3] 在馆    
山东省滨州职业学院图书馆 欢迎您!
大连网信软件有限公司© 版权所有